| 000 | 00766nam a2200253Ia 4500 | ||
|---|---|---|---|
| 003 | OSt | ||
| 005 | 20220928114134.0 | ||
| 006 | a|||||r|||| 00| 0 | ||
| 007 | ta | ||
| 008 | 220927b |||||||| |||| 00| 0 eng d | ||
| 024 | _a58083 | ||
| 037 | _cTextual | ||
| 040 |
_aSDCL _cSDCL _beng |
||
| 041 |
_2eng _aeng |
||
| 082 | _aV63:2'N9, N3 | ||
| 100 |
_aJohnson Alexander Ed. _9437117 |
||
| 245 | 0 | _aConstitution-making in the new South Africa | |
| 260 |
_aNew York _b Leicester University Press _c1993 |
||
| 300 |
_aviii,272p _ccm. |
||
| 700 |
_a Bradshaw Gavin Ed. _9437118 |
||
| 700 |
_a Shezi Sipho Ed. _9437119 |
||
| 942 |
_hV63:2'N9, N3 _cTEXL _2CC |
||
| 999 |
_c753102 _d753102 |
||